1480 1455 1349 1161 1233 1706 1268 1459 1827 1998 1597 1845 1212 1504 1985 1363 1164 1747 1553 1642 1176 1216 1281 1444 1047 1992 1918 1538 1998 1156 1644 1448 1338 1321 1101 1677 1311 1723 1569 1701 1609 1261 1528 1656 1842 1508 1331 1293 1150 1560 1578 1530 1131 1482 1420 1316 1875 1554 1377 1929 1021 1705 1392 1021 1612 1795 1819 1080 1578 1650 1745 1026 1544 1022 1790 1141 1387 1163 1844 1322 1766 1647 1442 1535 1289 1017 1151 1654 1624 1618 1626 1224 1605 1792 1572 1905 1231 1923 1278 BCNSPRNW ULIB Ver.6.0+V

เปลี่ยนเป็นภาษาไทย

Change to English
 แสดงรายละเอียดบรรณานุกรม
  กลับหน้าหลัก

Brief Record : Get Marc (ISO 2709) : E-mail record : QR code < ปิดหน้าต่าง
LEADER : 00000nam 2200000 a 4500
001    13399114494
003     ULIB
008    100826s2010 us a 000 0 eng d
020    ^a9780763755805
060 04 ^aWY152^bG377
245 00 ^aGerontological nursing :^bcompetencies for care /^cedited
250    ^a2nd ed.
260    ^aBoston :^bJones and Bartlett Publishers,^cc2010
300    ^axvii, 869 p. :^bill. ;^c23 cm.
500    ^aSend to Single Search
650  2 ^aAging^xphysiology
650  2 ^aAging^xpsychology
650  2 ^aGeriatric Nursing
700 1  ^aMauk, Kristen L.,^eed.
945    ^p0^l0^i031616
995    ^aKesorn
999 ^a ใช้งานได้ทุกระบบ
รายการนี้ยังไม่มีแท็ก
คุณยังไม่ได้ล็อกอิน คุณสามารถมีกิจกรรมร่วมกับเว็บไซต์ได้ แต่ต้องล็อกอินก่อน ::
  ล็อกอิน

รายการสื่อสารสนเทศ

ลำดับที่ ประเภท เลขเรียก/บาร์โค้ด สถานที่ สถานะ
- ไม่พบข้อมูล -

รายการใกล้เคียง
    หัวเรื่อง [Geriatric Nursing]

BibComment


ยังไม่เคยถูกคอมเมนท์

คอมเมนท์ทรัพยากรรายการนี้
  คอมเมนท์: Gerontological n..


 Copyright 2026. Bcnsprnw @Library